|
|
|
|
| LEADER |
00000cam a22000004a 4500 |
| 001 |
musev2_33976 |
| 003 |
MdBmJHUP |
| 005 |
20230905043558.0 |
| 006 |
m o d |
| 007 |
cr||||||||nn|n |
| 008 |
140624s2014 inu o 00 0 eng d |
| 020 |
|
|
|a 9780268077754
|
| 020 |
|
|
|z 0268026181
|
| 020 |
|
|
|z 9780268026189
|
| 020 |
|
|
|z 0268077754
|
| 035 |
|
|
|a (OCoLC)890248913
|
| 040 |
|
|
|a MdBmJHUP
|c MdBmJHUP
|
| 100 |
1 |
|
|a Dunne, John S.,
|d 1929-2013.
|
| 245 |
1 |
0 |
|a Dark Light of Love /
|c foreword by Paul Kollman, C.S.C. ; John S. Dunne.
|
| 264 |
|
1 |
|a Notre Dame :
|b University of Notre Dame Press,
|c 2014.
|
| 264 |
|
3 |
|a Baltimore, Md. :
|b Project MUSE,
|c 2014
|
| 264 |
|
4 |
|c ©2014.
|
| 300 |
|
|
|a 1 online resource (96 pages).
|
| 336 |
|
|
|a text
|b txt
|2 rdacontent
|
| 337 |
|
|
|a computer
|b c
|2 rdamedia
|
| 338 |
|
|
|a online resource
|b cr
|2 rdacarrier
|
| 505 |
0 |
|
|a Contents -- Foreword -- Preface -- A Cloud of Unknowing -- A Cloud of Unknowing between Us and God -- A Cloud of Forgetting between Us and All Else -- Emergence -- Emergence of the Human Race -- Emergence of the Individual -- Separation -- Emergence and Separation -- "The path taken by the soul of the dancer" -- Reunion -- The Road of Reunion -- The Road of the Union of Love -- A Soul Is Oned with God -- Into Darkness with Love -- The Circle of Knowing and Loving -- Dark Light of Love -- Dark Light: A Song Cycle -- Notes -- Index
|
| 588 |
|
|
|a Description based on print version record.
|
| 650 |
|
7 |
|a Spirituality
|x Christianity.
|2 fast
|0 (OCoLC)fst01904773
|
| 650 |
|
7 |
|a Light
|x Religious aspects
|x Christianity.
|2 fast
|0 (OCoLC)fst00998494
|
| 650 |
|
7 |
|a Knowledge, Theory of (Religion)
|2 fast
|0 (OCoLC)fst00988212
|
| 650 |
|
7 |
|a God (Christianity)
|x Knowableness.
|2 fast
|0 (OCoLC)fst01765765
|
| 650 |
|
6 |
|a Spiritualite
|x Christianisme.
|
| 650 |
|
6 |
|a Dieu (Christianisme)
|x Cognoscibilite.
|
| 650 |
|
0 |
|a Spirituality
|x Christianity.
|
| 650 |
|
0 |
|a God (Christianity)
|x Knowableness.
|
| 650 |
|
0 |
|a Light
|x Religious aspects
|x Christianity.
|
| 650 |
|
0 |
|a Knowledge, Theory of (Religion)
|
| 655 |
|
7 |
|a Electronic books.
|2 local
|
| 710 |
2 |
|
|a Project Muse.
|e distributor
|
| 830 |
|
0 |
|a Book collections on Project MUSE.
|
| 856 |
4 |
0 |
|z Texto completo
|u https://projectmuse.uam.elogim.com/book/33976/
|
| 945 |
|
|
|a Project MUSE - Custom Collection
|
| 945 |
|
|
|a Project MUSE - 2014 Philosophy and Religion
|
| 945 |
|
|
|a Project MUSE - 2014 Complete
|